000 00583nam a2200205Ia 4500
008 140321s9999 xx 000 0 und d
020 _a9789381460061
050 _aTX 911.3.F75
_b.K131 2013
100 _aKanchan, Arohi
245 _aFront desk management /
_cArohi Kanchan.
250 _a1st ed.
260 _aNew Delhi :
_bCentrum Press,
_cc2013.
300 _a256 p. :
_c23 cm.
500 _aIncludes bibliographical references and index.
521 _aTOU
650 _aHotel front desk personnel.
650 _aHotel management.
942 _kFOR
_cBK
999 _c48514
_d48514